Southville International School and Colleges
Your cart is empty.
  • Cart
  • Lists
    Public lists Eva Luna New books Lux_list list_1
    Your lists Log in to create your own lists
  • Log in to your account
  • Your cookies
  • Search history
Southville International School and Colleges
  • Advanced search
  • Recent comments
  • Most popular
  • Libraries

Log in to your account

Log in with GOOGLE


If you do not have an external account, but do have a local account, you can still log in:

  1. Home
  2. MARC view: Developing a compensation plan for your library /
Normal view MARC view ISBD view

Developing a compensation plan for your library / (Record no. 15709)

[ view plain ]
MARC details
000 -LEADER
fixed length control field 01768cam a2200433 a 4500
001 - CONTROL NUMBER
control field 15489741
003 - CONTROL NUMBER IDENTIFIER
control field OSt
005 - DATE AND TIME OF LATEST TRANSACTION
control field 20140310182749.0
008 - FIXED-LENGTH DATA ELEMENTS--GENERAL INFORMATION
fixed length control field 081017s2009 ilu b 001 0 eng
010 ## - LIBRARY OF CONGRESS CONTROL NUMBER
LC control number 2008045378
015 ## - NATIONAL BIBLIOGRAPHY NUMBER
National bibliography number GBA940490
Source bnb
016 7# - NATIONAL BIBLIOGRAPHIC AGENCY CONTROL NUMBER
Record control number 015117994
Source Uk
020 ## - INTERNATIONAL STANDARD BOOK NUMBER
International Standard Book Number 9780838909850 (alk. paper)
020 ## - INTERNATIONAL STANDARD BOOK NUMBER
International Standard Book Number 083890985X (alk. paper)
035 ## - SYSTEM CONTROL NUMBER
System control number (OCoLC)ocn262787489
040 ## - CATALOGING SOURCE
Original cataloging agency DLC
Transcribing agency DLC
Modifying agency YDXCP
-- BTCTA
-- YDX
-- CDX
-- UKM
-- MEA
-- C#P
-- BWX
-- DLC
043 ## - GEOGRAPHIC AREA CODE
Geographic area code n-us---
050 00 - LIBRARY OF CONGRESS CALL NUMBER
Classification number Z 682.3
Item number .Si617 2009
082 00 - DEWEY DECIMAL CLASSIFICATION NUMBER
Classification number M 025.82
Item number K34 2008
100 1# - MAIN ENTRY--PERSONAL NAME
Personal name Singer, Paula M.
245 10 - TITLE STATEMENT
Title Developing a compensation plan for your library /
Statement of responsibility, etc Singer, Paula M.
250 ## - EDITION STATEMENT
Edition statement 2nd ed.
260 ## - PUBLICATION, DISTRIBUTION, ETC. (IMPRINT)
Place of publication, distribution, etc Chicago :
Name of publisher, distributor, etc American Library Association,
Date of publication, distribution, etc 2009.
300 ## - PHYSICAL DESCRIPTION
Extent xv, 197 p. ;
Dimensions 28 cm.
504 ## - BIBLIOGRAPHY, ETC. NOTE
Bibliography, etc Includes bibliographical references and index.
505 0# - FORMATTED CONTENTS NOTE
Formatted contents note Compensation plan objectives -- Preliminary planning -- Context and compensation philosophy -- Job analysis -- Job descriptions -- Point factor job evaluation system for internal equity -- Market pricing -- Executive compensation -- Salary structure design -- Implementation -- Trends.
521 ## - TARGET AUDIENCE NOTE
Target audience note
526 ## - STUDY PROGRAM INFORMATION NOTE
Reading level 1210L-1700L
541 ## - IMMEDIATE SOURCE OF ACQUISITION NOTE
-- 1
562 ## - COPY AND VERSION IDENTIFICATION NOTE
Number of copies For circulation. 1 copy available in the collection
650 #0 - SUBJECT ADDED ENTRY--TOPICAL TERM
Topical term or geographic name as entry element Library employees
General subdivision Salaries, etc.
Geographic subdivision United States.
650 #0 - SUBJECT ADDED ENTRY--TOPICAL TERM
Topical term or geographic name as entry element Library employees
Form subdivision Job descriptions
Geographic subdivision United States.
650 #0 - SUBJECT ADDED ENTRY--TOPICAL TERM
Topical term or geographic name as entry element Job evaluation
Geographic subdivision United States.
650 #0 - SUBJECT ADDED ENTRY--TOPICAL TERM
Topical term or geographic name as entry element Job analysis.
700 1# - ADDED ENTRY--PERSONAL NAME
Personal name Francisco, Laura L.
906 ## - LOCAL DATA ELEMENT F, LDF (RLIN)
a 7
b cbc
c orignew
d 1
e ecip
f 20
g y-gencatlg
942 ## - ADDED ENTRY ELEMENTS (KOHA)
Source of classification or shelving scheme Library of Congress Classification
Koha item type Books
Call number prefix
Holdings
Withdrawn status Lost status Source of classification or shelving scheme Damaged status Home library Current library Shelving location Date acquired Total Checkouts Full call number Barcode Date last seen Copy number Price effective from Koha item type
    Library of Congress Classification   College Library College Library General Circulation Section 06/15/2012   Z 682.3 .Si617 2009 C14884 05/15/2018 1 11/14/2013 Books

Developing a compensation plan for your library /

APA

Singer P. M., Francisco L. L., . (2009). Developing a compensation plan for your library. Chicago: American Library Association.

Chicago

Singer Paula M, Francisco Laura L, . 2009. Developing a compensation plan for your library. Chicago: American Library Association.

Harvard

Singer P. M., Francisco L. L., . (2009). Developing a compensation plan for your library. Chicago: American Library Association.

MLA

Singer Paula M, Francisco Laura L, . Developing a compensation plan for your library. Chicago: American Library Association. 2009.

  • Place hold
  • Print
  • Cite
  • Add to your cart (remove)
  • Save record
    BIBTEX Dublin Core MARCXML MARC (non-Unicode/MARC-8) MARC (Unicode/UTF-8) MARC (Unicode/UTF-8, Standard) MODS (XML) RIS
  • More searches
    Search for this title in:
    Other Libraries (WorldCat) Other Databases (Google Scholar) Online Stores (Bookfinder.com) Open Library (openlibrary.org)

Exporting to Dublin Core...

SOUTHVILLE LIBRARY

Southville International School and Colleges Library

1281 Tropical Ave. Cor. Luxembourg St., BF Homes International, Las Pinas City

Tel. No. 8256374 / 252358 Loc. 117/146

Powered by Koha